000 00739 a2200169 4500
020 _c150.00
035 _aB-210716
037 _bRP-ZLS-2742 / UBH-07-08:4 / RP-07-08:ENG
082 1 4 _a302.34
090 _c5709
_d5709
245 1 _aThe new GD kpath-finder 2006
_ba complete guide to Ace group discussion : case studies, abstract topics, analyses by experts, comprehensive introduction
260 _aMumbai
_bIMS Learning Resonrces,
_c(200?)
270 _a6th Floor, NCL Premises Bandra Kurla Complex,
_bBandra
_cMumbai
300 _a120 p
_c24 cm (pbk)
942 _adpl
_cEN
_k302.34 / THE
999 _c5602
_d5602